Normal view
MARC view
- Haritha V
Entry Personal Name
001 - CONTROL NUMBER
- control field: 7268
003 - CONTROL NUMBER IDENTIFIER
- control field: OSt
005 - DATE AND TIME OF LATEST TRANSACTION
- control field: 20250228121456.0
008 - FIXED-LENGTH DATA ELEMENTS
- fixed length control field: 250228|| aca||aabn | a|a d
040 ## - CATALOGING SOURCE
- Original cataloging agency: OSt
- Transcribing agency: OSt
100 ## - HEADING--PERSONAL NAME
- Personal name: Haritha V
670 ## - SOURCE DATA FOUND
- Source citation: Work cat.: (OSt)19462: Haritha V, Development of a chocolate enrobing machine for cookies /, 2025
